<?xml version="1.0" encoding="UTF-8"?>
<record
    xmlns:xsi="http://www.w3.org/2001/XMLSchema-instance"
    xsi:schemaLocation="http://www.loc.gov/MARC21/slim http://www.loc.gov/standards/marcxml/schema/MARC21slim.xsd"
    xmlns="http://www.loc.gov/MARC21/slim">

  <leader>00434nam a22001097a 4500</leader>
  <datafield tag="040" ind1=" " ind2=" ">
    <subfield code="c">SY</subfield>
  </datafield>
  <datafield tag="082" ind1=" " ind2=" ">
    <subfield code="a">333</subfield>
  </datafield>
  <datafield tag="100" ind1=" " ind2=" ">
    <subfield code="a">&#x1780;&#x17D2;&#x179A;&#x17BB;&#x1798;&#x1794;&#x17D2;&#x179A;&#x17B9;&#x1780;&#x17D2;&#x179F;&#x17B6;&#x1782;&#x17C4;&#x179B;&#x1793;&#x1799;&#x17C4;&#x1794;&#x17B6;&#x1799;&#x178A;&#x17B8;&#x1792;&#x17D2;&#x179B;&#x17B8;</subfield>
  </datafield>
  <datafield tag="245" ind1=" " ind2=" ">
    <subfield code="a">&#x1780;&#x17D2;&#x179A;&#x1794;&#x1781;&#x17D0;&#x178E;&#x17D2;&#x178E;&#x17BB;&#x1799;&#x17BB;&#x1791;&#x17D2;&#x1792;&#x179F;&#x17B6;&#x179F;&#x17D2;&#x179A;&#x17D2;&#x178F;&#x1782;&#x17C4;&#x179B;&#x1793;&#x1799;&#x17C4;&#x1794;&#x17B6;&#x1799;&#x178A;&#x17B8;&#x1792;&#x17D2;&#x179B;&#x17B8;</subfield>
  </datafield>
  <datafield tag="260" ind1=" " ind2=" ">
    <subfield code="a">&#x179A;&#x178A;&#x17D2;&#x178B;&#x17B6;&#x1797;&#x17B7;&#x1794;&#x17B6;&#x179B;</subfield>
    <subfield code="b">&#x1780;&#x17D2;&#x179A;&#x17BB;&#x1798;&#x1794;&#x17D2;&#x179A;&#x17B9;&#x1780;&#x17D2;&#x179F;&#x17B6;</subfield>
    <subfield code="c">2002</subfield>
  </datafield>
  <datafield tag="942" ind1=" " ind2=" ">
    <subfield code="c">KB</subfield>
  </datafield>
  <datafield tag="999" ind1=" " ind2=" ">
    <subfield code="c">9318</subfield>
    <subfield code="d">9318</subfield>
  </datafield>
  <datafield tag="952" ind1=" " ind2=" ">
    <subfield code="0">0</subfield>
    <subfield code="1">0</subfield>
    <subfield code="4">0</subfield>
    <subfield code="6">333_000000000000000_&#x1780;&#x179A;&#x17BB;&#x1798;&#x1794;&#x179A;&#x17B9;&#x1780;&#x179F;&#x17B6;_2002_C196</subfield>
    <subfield code="7">0</subfield>
    <subfield code="9">51128</subfield>
    <subfield code="a">LBC</subfield>
    <subfield code="b">LBC</subfield>
    <subfield code="c">C196</subfield>
    <subfield code="d">2016-08-31</subfield>
    <subfield code="o">333 &#x1780;&#x17D2;&#x179A;&#x17BB;&#x1798;&#x1794;&#x17D2;&#x179A;&#x17B9;&#x1780;&#x17D2;&#x179F;&#x17B6; 2002 C196</subfield>
    <subfield code="p">RUA045588</subfield>
    <subfield code="r">2016-08-31</subfield>
    <subfield code="y">KB</subfield>
  </datafield>
  <datafield tag="952" ind1=" " ind2=" ">
    <subfield code="0">0</subfield>
    <subfield code="1">0</subfield>
    <subfield code="4">0</subfield>
    <subfield code="6">333_000000000000000_&#x1780;&#x179A;&#x17BB;&#x1798;&#x1794;&#x179A;&#x17B9;&#x1780;&#x179F;&#x17B6;_2002_C196</subfield>
    <subfield code="7">0</subfield>
    <subfield code="9">51129</subfield>
    <subfield code="a">LBC</subfield>
    <subfield code="b">LBC</subfield>
    <subfield code="c">C196</subfield>
    <subfield code="d">2016-08-31</subfield>
    <subfield code="o">333 &#x1780;&#x17D2;&#x179A;&#x17BB;&#x1798;&#x1794;&#x17D2;&#x179A;&#x17B9;&#x1780;&#x17D2;&#x179F;&#x17B6; 2002 C196</subfield>
    <subfield code="p">RUA042316</subfield>
    <subfield code="r">2016-08-31</subfield>
    <subfield code="y">KB</subfield>
  </datafield>
</record>
